[Event "Sao Paulo Carnaval op"]
[Site "Sao Paulo"]
[Date "2020.02.22"]
[Round "1"]
[White "Veiga, Emerson de Sousa"]
[Black "Hayashi, Kaito"]
[Result "1-0"]
[WhiteElo "2106"]
[BlackElo "1564"]
[PlyCount "55"]
[EventDate "2020.02.22"]
[EventType "swiss"]
[EventRounds "7"]
[EventCountry "BRA"]
[SourceTitle "CBM 195 Extra"]
[Source "ChessBase"]
[SourceDate "2020.05.31"]
[SourceVersion "1"]
[SourceVersionDate "2020.05.31"]
[SourceQuality "1"]

1. e4 c5 2. Nf3 e6 3. d4 cxd4 4. Nxd4 a6 5. Nc3 d6 6. Be3 Nf6 7. a4 b6 8. f3 Qc7 9. Qd2 Bb7 10. g4 Be7 11. Bd3 0-0 12. Qf2 d5 13. g5 Nfd7 14. exd5 exd5 15. 0-0-0 Ne5 16. f4 Ng4 17. Qh4 Nh6 18. Qh5 f5 19. gxh6 g6 20. Rhg1 Bc5 21. b4 Bxd4 22. Rxg6+ hxg6 23. Qxg6+ Bg7 24. Rg1 Rf7 25. Bxf5 Re7 26. Qh7+ Kf8 27. hxg7+ Rxg7 28. Qh8+ 1-0

[Event "BRA-ch Amateur U1800"]
[Site "Sao Paulo"]
[Date "2019.06.22"]
[Round "6"]
[White "Hayashi, Kaito"]
[Black "Lara, Diego Costa"]
[Result "0-1"]
[WhiteElo "1561"]
[BlackElo "1729"]
[PlyCount "134"]
[EventDate "2019.06.20"]
[EventType "swiss"]
[EventRounds "7"]
[EventCountry "BRA"]
[SourceTitle "CBM 195 Extra"]
[Source "ChessBase"]
[SourceDate "2020.05.31"]
[SourceVersion "1"]
[SourceVersionDate "2020.05.31"]
[SourceQuality "1"]

1. e4 e6 2. d4 d5 3. exd5 exd5 4. Nc3 Bb4 5. Bd3 Nf6 6. Nf3 Bg4 7. Qe2+ Qe7 8. Qxe7+ Bxe7 9. Ne5 Be6 10. 0-0 a6 11. Re1 0-0 12. Be3 Nbd7 13. Nxd7 Nxd7 14. Ne2 Bf6 15. Nf4 Rfe8 16. Nxe6 fxe6 17. c3 Rac8 18. Rac1 e5 19. dxe5 Nxe5 20. Rcd1 Nxd3 21. Rxd3 c6 22. Bd2 Rxe1+ 23. Bxe1 Re8 24. Kf1 Re4 25. Bd2 Ra4 26. a3 b5 27. Bc1 a5 28. Ke2 Rh4 29. h3 b4 30. axb4 axb4 31. f4 bxc3 32. bxc3 h6 33. Rf3 Be7 34. Be3 g5 35. f5 Re4 36. Kd3 Bf6 37. Bd4 Bxd4 38. cxd4 Kf7 39. g4 h5 40. Rg3 Kf6 41. Kc3 hxg4 42. hxg4 Rf4 43. Kd3 Ke7 44. Kc3 Kd6 45. Kd3 c5 46. dxc5+ Kxc5 47. Kc3 d4+ 48. Kb3 Kd5 49. Kb4 Ke4 50. Kc4 Rf1 51. Rg2 Rc1+ 52. Kb3 Kf3 53. Rd2 Kxg4 54. f6 Rf1 55. Rxd4+ Kh3 56. Rd3+ Kh4 57. Rd8 Rxf6 58. Kc2 g4 59. Kd2 Re6 60. Rh8+ Kg3 61. Rg8 Kh3 62. Rh8+ Kg2 63. Rg8 g3 64. Rg7 Kf2 65. Rf7+ Kg1 66. Rg7 g2 67. Rg8 Rh6 0-1

[Event "Hebraica op 26th"]
[Site "Hebraica"]
[Date "2019.01.11"]
[Round "2"]
[White "Tsuchie, Pedro Pinheiro"]
[Black "Hayashi, Kaito"]
[Result "1-0"]
[WhiteElo "1234"]
[BlackElo "1555"]
[PlyCount "120"]
[EventDate "2019.01.11"]
[EventType "swiss"]
[EventRounds "6"]
[EventCountry "BRA"]
[SourceTitle "EXT 2020"]
[Source "ChessBase"]
[SourceDate "2019.10.17"]
[SourceVersion "1"]
[SourceVersionDate "2019.10.17"]
[SourceQuality "1"]

1. e4 c5 2. Nf3 e6 3. g3 a6 4. Bg2 d6 5. 0-0 Nf6 6. Re1 Be7 7. c3 b5 8. d3 Bb7 9. h3 Qc7 10. Be3 0-0 11. Nbd2 Nc6 12. Rc1 d5 13. e5 Nxe5 14. Nxe5 Qxe5 15. Bxc5 Qc7 16. Bxe7 Qxe7 17. Nf3 Rac8 18. Qe2 Rfd8 19. d4 b4 20. Ne5 bxc3 21. bxc3 Qa3 22. Rb1 Ba8 23. Rb3 Qd6 24. Nd3 Nd7 25. Nb4 Bb7 26. Bf1 Ra8 27. Nd3 Bc8 28. Ne5 a5 29. Qf3 Nxe5 30. Rxe5 Ba6 31. Bxa6 Qxa6 32. Re1 Rab8 33. Reb1 Rxb3 34. Rxb3 Qd6 35. Qf4 Qxf4 36. gxf4 Kf8 37. a4 Ke7 38. Rb5 Ra8 39. Kf1 Ra7 40. Ke2 Kd7 41. Rc5 Rc7 42. Rxa5 Rxc3 43. Ra7+ Rc7 44. Ra8 Kc6 45. Rb8 Rb7 46. Ra8 Kb6 47. a5+ Kc6 48. a6 Rc7 49. a7 Kb6 50. Rg8 Rxa7 51. Rxg7 f6 52. Rxa7 Kxa7 53. Kf3 Kb6 54. f5 Kb5 55. fxe6 Kc6 56. Kf4 Kd6 57. Kf5 Ke7 58. f3 h6 59. h4 h5 60. f4 Ke8 1-0

[Event "Sao Paulo Carnaval op"]
[Site "Sao Paulo"]
[Date "2018.02.12"]
[Round "6"]
[White "Ishikawa, Emilio Keiji"]
[Black "Hayashi, Kaito"]
[Result "0-1"]
[WhiteElo "1755"]
[BlackElo "1498"]
[PlyCount "56"]
[EventDate "2018.02.10"]
[EventType "swiss"]
[EventRounds "7"]
[EventCountry "BRA"]
[SourceTitle "CBM 183 Extra"]
[Source "ChessBase"]
[SourceDate "2018.04.19"]
[SourceVersion "1"]
[SourceVersionDate "2018.04.19"]
[SourceQuality "1"]

1. d4 Nf6 2. c4 e6 3. Nc3 Bb4 4. f3 d5 5. e3 0-0 6. Bd2 b6 7. cxd5 exd5 8. Qa4 Qe7 9. a3 Bxc3 10. bxc3 Bb7 11. Bd3 Nc6 12. Ne2 Na5 13. Kf2 c5 14. h4 c4 15. Bf5 Nb3 16. e4 Nxd2 17. e5 Ne8 18. Qc2 g6 19. Bh3 Nb3 20. Rag1 Ng7 21. g4 Qxh4+ 22. Ke3 Qe7 23. Bg2 f5 24. Nf4 fxg4 25. Nxg6 hxg6 26. Qxg6 Rf5 27. Qh7+ Kf8 28. Rh6 Ke8 0-1

[Event "BRA-ch U16"]
[Site "Itajai"]
[Date "2017.06.03"]
[Round "5"]
[White "Hayashi, Kaito"]
[Black "Sousa, Alvaro Cristiano Mi"]
[Result "0-1"]
[WhiteElo "1509"]
[BlackElo "1708"]
[PlyCount "72"]
[EventDate "2017.06.01"]
[EventType "swiss"]
[EventRounds "6"]
[EventCountry "BRA"]
[SourceTitle "CBM 179 Extra"]
[Source "ChessBase"]
[SourceDate "2017.08.23"]
[SourceVersion "1"]
[SourceVersionDate "2017.08.23"]
[SourceQuality "1"]

1. e4 e5 2. Nf3 d6 3. Bc4 Be7 4. 0-0 Nf6 5. Nc3 Bg4 6. d3 Nc6 7. Be3 0-0 8. h3 Bh5 9. g4 Bg6 10. Nh4 Kh8 11. f4 exf4 12. Bxf4 Nd7 13. Nxg6+ fxg6 14. Nd5 Nce5 15. Nxe7 Qxe7 16. Bb3 Qh4 17. Kg2 Qe7 18. Qd2 h6 19. Be3 g5 20. Rf2 Rxf2+ 21. Qxf2 Rf8 22. Qe2 Ng6 23. Rf1 Nf4+ 24. Bxf4 gxf4 25. c3 Ne5 26. Qd2 g5 27. d4 Ng6 28. Bc2 Qe6 29. b3 Qf6 30. Bd1 Re8 31. Qd3 c5 32. Bc2 cxd4 33. e5 Nh4+ 34. Kh1 Qf7 35. exd6 Qd5+ 36. Rf3 Qxf3+ 0-1

[Event "Florianopolis op 3rd"]
[Site "Florianopolis"]
[Date "2017.01.25"]
[Round "9"]
[White "Hayashi, Kaito"]
[Black "Reis, Virginia Lagrange M"]
[Result "0-1"]
[WhiteElo "1520"]
[BlackElo "1814"]
[PlyCount "70"]
[EventDate "2017.01.20"]
[EventType "swiss"]
[EventRounds "10"]
[EventCountry "BRA"]
[SourceTitle "EXT 2018"]
[Source "ChessBase"]
[SourceDate "2017.10.13"]
[SourceVersion "1"]
[SourceVersionDate "2017.10.13"]
[SourceQuality "1"]

1. e4 c5 2. Nf3 Nc6 3. d4 cxd4 4. Nxd4 g6 5. Be3 Bg7 6. Nc3 Nf6 7. f3 0-0 8. Qd2 Re8 9. 0-0-0 d6 10. g4 Bd7 11. h4 h5 12. gxh5 Nxh5 13. Be2 Ne5 14. f4 Ng4 15. Rdg1 Nxe3 16. Qxe3 Qb6 17. Rd1 Kh7 18. Qd3 Nxf4 19. Qd2 Nxe2+ 20. Ndxe2 Bh6 21. Nf4 e5 22. Ncd5 Qd8 23. h5 g5 24. Qb4 gxf4 25. Qxd6 Re6 26. Qc7 Kh8 27. Qxb7 Qc8 28. Qb3 Bc6 29. Nc3 Qb7 30. Qa3 Bf8 31. Qb3 Qxb3 32. axb3 Rd8 33. Rdg1 f5 34. Rh4 fxe4 35. Rhg4 Bh6 0-1

[Event "Florianopolis op 3rd"]
[Site "Florianopolis"]
[Date "2017.01.22"]
[Round "4"]
[White "Duarte, Atila Phoebus Santo"]
[Black "Hayashi, Kaito"]
[Result "0-1"]
[WhiteElo "1795"]
[BlackElo "1520"]
[PlyCount "45"]
[EventDate "2017.01.20"]
[EventType "swiss"]
[EventRounds "10"]
[EventCountry "BRA"]
[SourceTitle "CBM 176 Extra"]
[Source "ChessBase"]
[SourceDate "2017.03.02"]
[SourceVersion "1"]
[SourceVersionDate "2017.03.02"]
[SourceQuality "1"]

1. d4 d5 2. Bf4 Nf6 3. Nf3 Bf5 4. e3 c6 5. c4 e6 6. Be2 Bxb1 7. Qxb1 Bb4+ 8. Kf1 b6 9. a3 Be7 10. b4 c5 11. cxd5 Nxd5 12. Bb5+ Kf8 13. Bxb8 Rxb8 14. Ne5 Rb7 15. Bc6 Rc7 16. b5 cxd4 17. exd4 g6 18. Qe4 Kg7 19. h4 Qf8 20. Rh3 Qd8 21. h5 Rf8 22. Ke2 Nf6 23. Qe3 0-1

[Event "Sao Paulo-C U1700 op 5th"]
[Site "Sao Paulo"]
[Date "2016.10.16"]
[Round "6.14"]
[White "Leite, Tarcisio Dantas Fro"]
[Black "Hayashi, Kaito"]
[Result "0-1"]
[WhiteElo "1653"]
[BlackElo "1543"]
[PlyCount "106"]
[EventDate "2016.10.13"]
[EventType "swiss"]
[EventRounds "6"]
[EventCountry "BRA"]
[SourceTitle "EXT 2022"]
[Source "ChessBase"]
[SourceDate "2021.10.06"]
[SourceVersion "1"]
[SourceVersionDate "2021.10.06"]
[SourceQuality "1"]

1. e4 c5 2. c3 e6 3. d4 cxd4 4. cxd4 d5 5. e5 Nc6 6. f4 Qb6 7. Nf3 Nge7 8. Bd3 Bd7 9. Bc2 Nb4 10. Nc3 Nxc2+ 11. Qxc2 Nf5 12. Qd3 Be7 13. Rb1 0-0 14. g4 Nh6 15. h3 g6 16. f5 exf5 17. Nxd5 Qa5+ 18. Nc3 Kg7 19. Bxh6+ Kxh6 20. g5+ Kg7 21. Rc1 Rac8 22. 0-0 Rfd8 23. Kh2 Bc6 24. Qe3 Qb4 25. Rc2 Bxf3 26. Rxf3 Qxd4 27. Rg2 a6 28. Qe2 Qc4 29. Qe1 Re8 30. Re3 Qf4+ 31. Kh1 Bxg5 32. Nd5 Qd4 33. Rxg5 Qxd5+ 34. Rg2 Qxa2 35. Qb4 Qd5 36. Kh2 Rxe5 37. Rc3 Rxc3 38. Qxc3 Qd6 39. Rd2 Qc5 40. Qd3 Re3 41. Qd4+ Qxd4 42. Rxd4 Re2+ 43. Kg3 Rxb2 44. Rd7 a5 45. Rd8 a4 46. Ra8 b5 47. Ra5 Rb3+ 48. Kg2 a3 49. Ra7 Rb2+ 50. Kg3 b4 51. Ra6 a2 52. Kh4 b3 53. Kg3 Rb1 0-1

[Event "Sao Paulo-C U1700 op 5th"]
[Site "Sao Paulo"]
[Date "2016.10.15"]
[Round "3.3"]
[White "Hayashi, Kaito"]
[Black "Freire, Airon"]
[Result "0-1"]
[WhiteElo "1543"]
[BlackElo "1664"]
[PlyCount "54"]
[EventDate "2016.10.13"]
[EventType "swiss"]
[EventRounds "6"]
[EventCountry "BRA"]
[SourceTitle "EXT 2022"]
[Source "ChessBase"]
[SourceDate "2021.10.06"]
[SourceVersion "1"]
[SourceVersionDate "2021.10.06"]
[SourceQuality "1"]

1. e4 g6 2. d4 Bg7 3. Nf3 d6 4. Nc3 Nf6 5. Be3 a6 6. Qd2 b5 7. 0-0-0 b4 8. Nd5 Nxd5 9. exd5 a5 10. Bh6 0-0 11. Bxg7 Kxg7 12. Bc4 Nd7 13. g4 Rh8 14. Ne1 Nb6 15. Be2 Bb7 16. f4 Qd7 17. h4 Qa4 18. Kb1 Bxd5 19. b3 Qa3 20. Rh3 Na4 21. c4 Nc3+ 22. Ka1 a4 23. Rxc3 bxc3 24. Qxc3 axb3 25. Rd2 Be4 26. Bd1 Qxa2+ 27. Rxa2 Rxa2# 0-1

[Event "Hebraica Xeque Mate op 1st"]
[Site "Hebraica"]
[Date "2016.06.12"]
[Round "4"]
[White "Hayashi, Kaito"]
[Black "Bonfim, Regina Rodrigues"]
[Result "1/2-1/2"]
[WhiteElo "1541"]
[BlackElo "1830"]
[PlyCount "122"]
[EventDate "2016.06.11"]
[EventType "swiss"]
[EventRounds "5"]
[EventCountry "BRA"]
[SourceTitle "CBM 173 Extra"]
[Source "ChessBase"]
[SourceDate "2016.08.29"]
[SourceVersion "1"]
[SourceVersionDate "2016.08.29"]
[SourceQuality "1"]

1. e4 c5 2. Nf3 Nc6 3. d4 cxd4 4. Nxd4 d6 5. Nc3 g6 6. Be3 Bg7 7. Qd2 Nf6 8. f3 0-0 9. 0-0-0 Bd7 10. g4 a6 11. Bh6 b5 12. Bxg7 Kxg7 13. h4 Qa5 14. Kb1 Rac8 15. Nb3 Qb6 16. h5 Rh8 17. Be2 h6 18. hxg6 fxg6 19. g5 hxg5 20. Qxg5 Rxh1 21. Rxh1 Rg8 22. Nd5 Qd8 23. Nxf6 exf6 24. Qh6+ Kf7 25. Qh7+ Rg7 26. Qh8 Rg8 27. Qh7+ Rg7 28. Qh8 Qg8 29. Kc1 Be6 30. Qxg8+ Kxg8 31. Nd2 f5 32. Rh6 d5 33. c3 dxe4 34. fxe4 Ne5 35. a3 f4 36. Kd1 Kf7 37. Ke1 g5 38. Kf2 g4 39. Nf1 Ke7 40. a4 f3 41. Bd1 Nd3+ 42. Kg3 Nxb2 43. Bc2 Nxa4 44. Bxa4 bxa4 45. Rh5 Bc4 46. Ne3 Be2 47. Nf5+ Kf6 48. Nxg7 Kxg7 49. Ra5 Bb5 50. c4 Bxc4 51. Rg5+ Kf6 52. Rxg4 Be2 53. Kf2 Ke5 54. Ke3 Bb5 55. Rg5+ Ke6 56. Kxf3 a3 57. Rg2 Bc4 58. Kf4 a2 59. Rg1 Bd3 60. Ra1 Bb1 61. Ke3 Ke5 1/2-1/2